01307nam a22002537a 45000010005000000030006000050050017000110080041000280200018000690400029000870820010001161000015001262450034001412600035001753000047002105050007002575200528002645210027007925210018008196500057008379420015008949990015009099520129009249018FISKH20251114101213.0251114b cb ||||| |||| 00| 0 eng d a9789831459898 aFISKHbengcFISKHdFISKH a372.6 aAnonymous  aJack's pet & breakfast time / aKula Lampur : bMind to Mind,  a32 pages : bcolor illustrations ; c21 cm aG  a1. Jack’s Pet – A simple, fun story about Jack and his mysterious new pet. The text uses repetitive rhyming patterns to support early reading skills, helping children hear and identify similar word endings. 2. Breakfast Time – A cheerful morning story focusing on breakfast foods and routines. It introduces more rhyming word pairs through playful sentences, making reading enjoyable and rhythmic. Both stories use easy vocabulary, repetition, and rhymes, making them suitable for beginning readers or ELL students.8 a380 bLexile estimate 8 aG bRaz-Plus  aRhyming Words vBeginner Reading xLiteracy Skills 2ddccBKn0 c9018d9018 00102ddc40708JUVFa002b002cTTP Dark Blued2025-11-14l0oANO 372.6pFISTKKB121r2025-11-14 10:11:58t1w2025-11-14yBK